000 00363nam a2200157Ia 4500
003 0STCL
008 150530s9999 xx 000 0 und d
040 _aSTCL
_cSTCL
100 _aKshitish, C.B.
245 _aMy impression of the west
260 _bPhanibhusan Roy
_c1938
546 _aEnglish
942 _2ddc
_cBK
999 _c70471
_d70471
005 20220125171435.0